01392agaaa2200301 45000010005000000030009000050050017000140070009000310080040000400400023000800410013001031000044001161300033001602400024001932450234002172460017004512500022004682600075004903000034005655080172005995110089007715200029008605380016008895460013009056500054009187000062009727000056010342040IT-RoPAU20220918181226.0d cvaizq50131s9999||||xx ||| | || ||und|| aIT-RoPAUcIT-RoPAU aITALIANO aRussell KengCodice regista SPICS: 1769 aALTRA FACCIA DELL'AMORE (L') aMUSIC LOVERSgT2466 aALTRA FACCIA DELL'AMORE (L')cProdotto da: Russell Ken -- Sceneggiatura: Bragg Melvyn Dal Romanzo Beloved Friend Di Catherine Drinker -- Diretto da: Russell KenpALTRA FACCIA DELL'AMORE (L') (Rif. Codice opera principale : B2040) aMUSIC LOVERS aEdizione Standard a(USA)bRUSSELL KEN / g"1970 (1° ed.: 1992 ; Ed. Lingua Orig.: 1970)" aVHSbsonoro, col.c125 minuti a"Fotografia: Slocombe Douglas; Montaggio: Bradsell Michael; Musica: Cajkovskij Petr Il'; Sceneggiatura: Bragg Melvyn Dal Romanzo Beloved Friend Di Catherine Drinker; " a"Chamberlain Richard; Jackson Glenda; Adrian Max; Gable Christopher; Colley Kenneth" aBIOGRAFIA DI CIAIKOWSKI. aPAL, STEREO aITALIANO aCOMMEDIAeFILMS [VHS]xCodice MATERIA SPICS: 9960 aCajkovskij Petr Il'e(musica)gCodice Musica SPICS: 10808 aRussell Ken e(regista)gCodice regista SPICS: 1769